000
00296nam a2200097Ia 4500
008
200302s9999 xx 000 0 und d
100
_a
David Fernandez Garcia
245
_a
Construction Encyclopedia Air Conditioning & Heating Vol 3
260
_b
New Daly Construction Encyclopedias
300
_a
120 P.,
999
_c
1224
_d
1224